deaf and hearing children' s play (Record no. 17512)

MARC details
000 -LEADER
fixed length control field 00370nam a22001577a 4500
003 - CONTROL NUMBER IDENTIFIER
control field OSt
005 - DATE AND TIME OF LATEST TRANSACTION
control field 20211110130551.0
008 - FIXED-LENGTH DATA ELEMENTS--GENERAL INFORMATION
fixed length control field 211110b |||||||| |||| 00| 0 eng d
040 ## - CATALOGING SOURCE
Transcribing agency hu
082 ## - DEWEY DECIMAL CLASSIFICATION NUMBER
Classification number 362,4
100 ## - MAIN ENTRY--PERSONAL NAME
Personal name louis l aymard jr
9 (RLIN) 17724
245 ## - TITLE STATEMENT
Title deaf and hearing children' s play
260 ## - PUBLICATION, DISTRIBUTION, ETC.
Place of publication, distribution, etc. america
Name of publisher, distributor, etc. hall
Date of publication, distribution, etc. 1977
300 ## - PHYSICAL DESCRIPTION
Extent 99
942 ## - ADDED ENTRY ELEMENTS (KOHA)
Source of classification or shelving scheme Dewey Decimal Classification
Koha item type Books like text book referance book
Suppress in OPAC No
Holdings
Withdrawn status Lost status Source of classification or shelving scheme Damaged status Not for loan Home library Current library Shelving location Date acquired Total Checkouts Full call number Barcode Date last seen Copy number Price effective from Koha item type
    Dewey Decimal Classification     Social Library Social Library General Stacks 11/10/2021   362,4/aym SHLIB 00002968 11/10/2021 c1 11/10/2021 Books like text book referance book